| 000 | 01051cam a22002175a 4500 | ||
|---|---|---|---|
| 001 | L152513 | ||
| 008 | 110321s2009 xxk f 001 0 eng d | ||
| 020 | _a9780470714096 | ||
| 035 | _a(Sirsi) u152513 | ||
| 041 | 0 | _aeng | |
| 110 | 2 |
_aLittlefield _95931 |
|
| 245 | 0 | 0 |
_aLiverpool one _bremaking a city centre |
| 260 |
_aChichester _bWiley _c2009 |
||
| 300 |
_a256p. _bill. _c25 cm. |
||
| 505 | 2 | _aHistorical context -- The 'urban renaissance' -- Consent -- Retail strategy -- Architecture -- Delivery -- Reflections. | |
| 520 | _aThis book reflects the Liverpool city council challenge for international developers to take part of an ambitious initiative to reverse this trend and encourage people to visit, live in and invest in Liverpool once again. The vision was for a reimagined and extended city centre, one that rethought the vast and under-used space between the principal shopping area and the city's historic docks. | ||
| 521 | _aAdvanced | ||
| 651 | 4 | _aLiverpool | |
| 690 | _aPROPERTY-PROPERTY MANAGEMENT-REGENERATION | ||
| 942 | _n0 | ||
| 999 |
_c112089 _d112089 |
||